Statistiken für Länder, die mit G beginnen

Klicken Sie hier um das Quiz zu spielen!

Allgemein

  • Dieses Quiz wurde 18.684 mal gespielt
  • Das Durchschnittsergebnis liegt bei 8 aus 10

Antwortstatistiken

Land% Korrekt
Griechenland
89%
Ghana
81%
Guinea
81%
Gambia
79%
Georgien
77%
Guatemala
76%
Gabun
74%
Guinea-Bissau
70%
Guyana
67%
Grenada
62%

Verteilung der Resultate

Perzentil nach korrekt beantworteten Fragen

Anzahl Personen mit jedem Resultat

Ihre Resultats-Entwicklung

Sie haben dieses Quiz noch nicht gespielt